00998nam a22002177a 450000100060000000300080000600500170001400800410003103500190007204000350009104100080012608200240013410000230015824502120018126001230039330000390051650201310055550400340068665000200072070000400074080967BD-RjUL20230131103442.0221213s2004 bg a|||| m||| 00| 0 eng d a(BD-RjUL)80967 aBD-RjULbengcBD-RjULdBD-RjUL aeng 223a577.6bRAI 2004 aRahman, Md. Safiur10aInvestigation on the status of pollution around the EPZ (Dhaka) area with special Reference to Its impact on Fisheries in Banshi River /cSubmitted by Md. Safiur Rahman ;6Supervisor : Md. Abul Hossain Molla aRajshahi :bDepartment of Applied chemistry and Chemical Technology, Faculty of Science, University of Rajshahi,c2004 a[12], 145 leaves :bill, ;c29.cm. aThesis (M. Phil.) -- Department of Applied chemistry and Chemical Technology, Faculty of Science, University of Rajshahi, 2004 aReferences : Leaves 129 - 145 aAquatic ecology aMolla, Md. Abul Hossain,Supervisor